风流大将军 (Record no. 5722)

000 -LEADER
fixed length control field 00422nam a22001817a 4500
003 - CONTROL NUMBER IDENTIFIER
control field MPLRDC
005 - DATE AND TIME OF LATEST TRANSACTION
control field 20220104114219.0
008 - FIXED-LENGTH DATA ELEMENTS--GENERAL INFORMATION
fixed length control field 210129b ||||| |||| 00| 0 eng d
020 ## - INTERNATIONAL STANDARD BOOK NUMBER
International Standard Book Number 7-80040-144-8
082 ## - DEWEY DECIMAL CLASSIFICATION NUMBER
Classification number 782.886 CG
100 ## - MAIN ENTRY--PERSONAL NAME
Personal name 尹家民
245 ## - TITLE STATEMENT
Title 风流大将军
Statement of responsibility, etc.
250 ## - EDITION STATEMENT
Edition statement 一版三刷
260 ## - PUBLICATION, DISTRIBUTION, ETC.
Place of publication, distribution, etc.
Name of publisher, distributor, etc. 昆仑出版社
Date of publication, distribution, etc. 1989
300 ## - PHYSICAL DESCRIPTION
Other physical details
650 ## - SUBJECT ADDED ENTRY--TOPICAL TERM
Topical term or geographic name entry element 陈赓传记
942 ## - ADDED ENTRY ELEMENTS (KOHA)
Koha item type Book
-- 782.886 CG
Holdings
Withdrawn status Lost status Source of classification or shelving scheme Damaged status Not for loan Collection code Home library Current library Shelving location Date acquired Cost, normal purchase price Total Checkouts Full call number Barcode Date last seen Date last checked out Price effective from Koha item type Public note
            Malaysian Public Library, Research and Development Centre Malaysian Public Library, Research and Development Centre   10/12/2007 16.00   782.886 CG 00005711 17/03/2021 10/12/2007 17/03/2021 Book mplrdc

© 2022. Malaysian Public Library, Research and Development Centre. All Right ReservedE-mailmplrdc@help.edu.my 

Powered by Koha